000
00254nam a2200097Ia 4500
001
805595
005
20250826171155.0
008
250824s9999 xx 000 0 und d
245
0
_a
GÜNEŞE MATEM DÜŞTÜ
_c
AHMED GÜNBAY YILDIZ
260
_b
TİMAŞ YAYINLARI
999
_c
805595
_d
805595